000 00307nam a22001457a 4500
020 _a978-8126-427680
082 _a894.812.3
_bBEA/E
100 _aBENYAMIN
245 _aEE MM ESSUM PENKUTTIYUM
260 _aKOTTAYAM
_bDC BOOKS
_c2016
300 _a110
520 _aNOVEL
650 _aNOVEL
942 _cBK
999 _c4781
_d4781